| 000 | 00000nam 2200000za 4500 |
| 001 | 9.840903 |
| 003 | CaOODSP |
| 005 | 20221107151946 |
| 007 | cr ||||||||||| |
| 008 | 170802s2017 nscd ob f000 0 fre d |
| 040 | |aCaOODSP|bfre |
| 043 | |an-cn--- |
| 086 | 1 |aFs70-7/2017-028F-PDF |
| 245 | 00|aRapport de mise à jour et des indicateurs sur la règle de contrôle des prises de goberge dans la composante ouest (4Xopqrs5) |h[ressource électronique]. |
| 246 | 17|aRéponse des Sciences : |bmise à jour et indicateurs de 2016 sur la règle de contrôle des prises de goberge dans la composante ouest |
| 260 | |a[Dartmouth, N.-É.] : |bPêches et Océans Canada, Secrétariat canadien de consultation scientifique, |c2017. |
| 300 | |a12 p. : |bgraph. (certains en coul.). |
| 490 | 1 |aSecrétariat canadien de consultation scientifique, réponse des Sciences, |x1919-3815 ; |v2017/028, Région des Maritimes |
| 500 | |aPubl. aussi en anglais sous le titre : Western component (4Xopqrs5) pollock harvest control rule update and indicators report. |
| 500 | |aTitre de départ. |
| 500 | |a« Juillet 2017. » |
| 500 | |a« Le présent rapport est disponible auprès du : Centre des avis scientifiques (CAS), Région des Maritimes, Pêches et Océans Canada, Institue océanographique de Bedford »--p. 12. |
| 504 | |aComprend des références bibliographiques. |
| 692 | 07|2gccst|aGestion des pêches |
| 710 | 1 |aCanada. |bMinistère des pêches et des océans. |
| 710 | 1 |aCanada. |bSciences des écosystèmes et des océans. |
| 710 | 2 |aSecrétariat canadien de consultation scientifique. |
| 775 | 08|tWestern component (4Xopqrs5) pollock harvest control rule update and indicators report |w(CaOODSP)9.840902 |
| 830 | #0|aRéponse des sciences (Secrétariat canadien de consultation scientifique)|x1919-3815 ; |v2017/028, Région des Maritimes|w(CaOODSP)9.502630 |
| 856 | 40|qPDF|s873 Ko|uhttps://publications.gc.ca/collections/collection_2017/mpo-dfo/Fs70-7-2017-028-fra.pdf |